Sanat - "Tuhoaisti" -Kuumaa - Statistics

Yleistilastot
  • Tätä visaa on pelattu 144 kertaa
  • Keskiarvotulos 158 / 213
Vastaustilastot
Vastaus % Oikein
tuhoaisti
96%
joka
95%
95%
95%
on
95%
se
95%
oo
94%
94%
ihan
91%
kaiken
90%
sammumaan
90%
haluan
88%
nukkunu
88%
vaikken
88%
susta
87%
tuntiikaan
87%
syttynyttä
86%
sekottaa
82%
mut
79%
ei
76%
Me
74%
estää
73%
ja
71%
ainoa
64%
ku
64%
poikkeus
64%
puhuta
63%
pystyy
63%
Joo
62%
murtamaan
62%
eri
60%
olet
59%
sanoil
59%
tahdon
56%
meidät
55%
muu
51%
tavalla
51%
rakastuu
50%
kukaan
49%
kysymättä
49%
särkee
49%
solua
49%
et
47%
lupaa
47%
läpi
46%
mun
45%
tällee
45%
seinästä
44%
muhun
42%
osunu
42%
samoi
42%
tullu
42%
jotenki
38%
päinvastasii
38%
ollaan
37%
koodattiin
36%
täällä
35%
sun
32%
päällä
31%
maalailee
29%
seiniä
29%
pidän
28%
valoja
28%
voiton
28%
esittää
27%
huokailee
27%
korvissa
27%
mitä
27%
vahvempaa
27%
varjosi
27%
vieny
27%
ennen
26%
nyt
26%
turha
26%
äänesi
24%
Silloin
24%
pakenin
22%
Ehtoja vastaavia visoja ei löytynyt
Tulosjakauma
Jokaisen tuloksen saaneiden osuus
Persentiili vastausten määrän mukaan
Tuloshistoriasi
Et ole pelannut tätä visaa